| 000 | 00462nam a2200157 4500 | ||
|---|---|---|---|
| 001 | 145274 | ||
| 003 | ES-MaACL | ||
| 005 | 20230906201211.0 | ||
| 007 | t| | ||
| 008 | 070214s1927 fr r ||||1| fre d | ||
| 100 | 1 |
_aSpaier, Albert. _9107623 |
|
| 245 | 1 | 3 |
_aLa pensée concrète _b: essai sur le symbolisme intellectuel / _cAlbert Spaier. |
| 260 |
_aParis : _b[s. n.], _c1927 ( _fImp. Paul Brodard) |
||
| 300 |
_a446 p. ; _c22 cm. |
||
| 852 |
_aES-MaACL _jB-5045 |
||
| 999 |
_c145274 _d145274 |
||